Normal view
MARC view
Entry Topical Term
001 - CONTROL NUMBER
- control field: 32284
003 - CONTROL NUMBER IDENTIFIER
- control field:
005 - DATE AND TIME OF LATEST TRANSACTION
- control field: 20240131142651.0
008 - FIXED-LENGTH DATA ELEMENTS
- fixed length control field: 240131|| aca||aabn | a|a d
040 ## - CATALOGING SOURCE
- Original cataloging agency:
- Transcribing agency:
150 ## - HEADING--TOPICAL TERM
- Topical term or geographic name entry element: Computer input-output equipment
670 ## - SOURCE DATA FOUND
- Source citation: Work cat.: ()16448: Bamidele Oluwada...[et.al] aut 32283, COMPUTER hardware laboratory manual for schools and institutions/, (2022?)
